| 000 | 00756cab a2200217 4500 | ||
|---|---|---|---|
| 001 | ABS42781 | ||
| 008 | 090401t1990 xxu||||| |||| 00| 0 eng d | ||
| 035 | _a(Sirsi) u38798 | ||
| 041 | _aeng | ||
| 100 | _aMehdi, N. | ||
| 245 | _aPractical CPD for the small firm or work group | ||
| 260 | _c1990 | ||
| 350 | _a0 | ||
| 490 |
_aValuer (ISVA) _vMay 1990, 14-15(2) |
||
| 520 | _aExplains the concept of CPD groups as a means of helping small practices keep up to date, while at the same time enabling practitioners to comply with compulsory CPD requirements. | ||
| 650 | _aABOUT RICS-RICS MEMBERS | ||
| 650 | _aCAREERS, EDUCATION AND TRAINING | ||
| 690 | _aMANAGEMENT-BUSINESS MANAGEMENT-PROFESSIONAL PRACTICE | ||
| 942 | _n0 | ||
| 948 | _c04/03/1997 | ||
| 999 |
_c24903 _d24903 |
||